000 01318cam a2200337 i 4500
999 _c1623
_d1623
001 3209593
003 OSt
005 20210629080550.0
008 780802s1979 ne af b 001 0 eng
010 _a 78013216
020 _a0720406560
040 _aDLC
_cDLC
_dDLC
050 0 0 _aQP261
_b.H85 1979
060 _aW1 HU462 v. 3
_aWP540 H918
082 0 0 _a612/.62
_219
245 0 0 _aHuman ovulation :
_bmechanisms, prediction, detection, and induction /
_ceditor, E. S. E. Hafez.
260 _aAmsterdam ;
_aNew York :
_bNorth-Holland Pub. Co. ;
_aNew York :
_bsole distributors for the U.S.A. and Canada, Elsevier North-Holland,
_c1979.
300 _axxii, 546 p., [3] leaves of plates :
_bill. ;
_c25 cm.
440 0 _aHuman reproductive medicine ;
_vv. 3
500 _a"The sixth C.S. Mott Center symposium held in April, 1977, at Wayne State University, School of Medicine, Detroit, Michigan."
504 _aIncludes bibliographies and index.
650 0 _aOvulation.
650 0 _aHuman reproduction.
650 2 _aOvulation.
650 2 _aOvulation detection.
650 2 _aOvulation induction.
700 1 _aHafez, E. S. E.
_q(Elsayed Saad Eldin),
_d1922-
710 2 _aC.S. Mott Center for Human Growth and Development.
906 _a7
_bcbc
_corignew
_d1
_eocip
_f19
_gy-gencatlg
942 _2lcc
_cBK
_nSO